Clinical trials handbook (Record no. 32270)
[ view plain ]
| 000 -LEADER | |
|---|---|
| fixed length control field | 01139nam a2200289Ia 4500 |
| 245 00 - TITLE STATEMENT | |
| Title | Clinical trials handbook |
| 260 ## - PUBLICATION, DISTRIBUTION, ETC. (IMPRINT) | |
| Place of publication | Hoboken, NJ : |
| Name of publisher | Wiley, |
| Year of publication | c2009. |
| 300 ## - PHYSICAL DESCRIPTION | |
| Number of Pages | xix, 1225 p. |
| 650 #0 - SUBJECT ADDED ENTRY--TOPICAL TERM | |
| Topical Term | Drugs |
| Topical Term | Clinical trials |
| 700 1# - ADDED ENTRY--PERSONAL NAME | |
| Personal name | Gad, Shayne C., |
| 856 40 - ELECTRONIC LOCATION AND ACCESS | |
| Uniform Resource Identifier | http://site.ebrary.com/lib/rucke/Doc?id=10346509 |
No items available.
